[Event "WJun"]
[Site "Puerto Madryn ARG"]
[Date "2009.10.23"]
[Round "2"]
[White "Tristan,L"]
[Black "Jumabayev,R"]
[Result "1-0"]
[WhiteElo "2412"]
[BlackElo "2548"]
[EventDate "2009.10.22"]

1. e4 c5 2. Nf3 d6 3. d4 cxd4 4. Nxd4 Nf6 5. Nc3 a6 6. Bg5 e6 7. f4 Qc7 8.
f5 Be7 9. Qf3 Nc6 10. O-O-O Bd7 11. fxe6 fxe6 12. Nxc6 Qxc6 13. Bd3 O-O-O
14. Kb1 Qc5 15. Be3 Qh5 16. Qf1 Qa5 17. Qg1 Kc7 18. Bd2 Qb6 19. Be3 Qa5 20.
Bd2 Qc5 21. Be3 Qb4 22. Bd2 Qc5 23. Be3 Qb4 24. Bd2 Qb6 25. Qe1 Qc5 26. Be3
Qc6 27. a4 Kb8 28. Nb5 Ng4 29. Ba7+ Ka8 30. Qa5 Ne5 31. Bb6 Rdf8 32. Nc7+
Kb8 33. Bb5 Qxe4 34. Nxa6+ Kc8 35. Nc5 1-0

[Event "WJun"]
[Site "Puerto Madryn ARG"]
[Date "2009.10.23"]
[Round "2"]
[White "Swiercz,D"]
[Black "Meza,Hu"]
[Result "1-0"]
[WhiteElo "2492"]
[BlackElo "2276"]
[EventDate "2009.10.22"]

1. e4 c5 2. Nf3 Nc6 3. d4 cxd4 4. Nxd4 e5 5. Nb5 d6 6. N1c3 a6 7. Na3 b5 8.
Nd5 Nge7 9. c4 Nd4 10. Be3 Nxd5 11. cxd5 Be7 12. Bd3 O-O 13. O-O Bb7 14.
Nc2 Nxc2 15. Qxc2 h6 16. a4 f5 17. exf5 Bxd5 18. axb5 axb5 19. Bxb5 Kh8 20.
Rac1 Ra2 21. Rfd1 Bf7 22. Qe2 Qb8 23. Rc6 d5 24. Rb6 Qc7 25. Rc1 Qd8 26.
Rb7 Bd6 27. Bc6 Qf6 28. Qd3 d4 29. Bd2 Re8 30. Qb1 Bg8 31. Be4 Rea8 32. Rb6
1-0

[Event "WJun"]
[Site "Puerto Madryn ARG"]
[Date "2009.10.23"]
[Round "2"]
[White "Karthikeyan,P1"]
[Black "Lehtimaki,T"]
[Result "1-0"]
[WhiteElo "2449"]
[BlackElo "2000"]
[EventDate "2009.10.22"]

1. d4 Nf6 2. c4 c5 3. d5 b5 4. cxb5 a6 5. f3 g6 6. e4 Bg7 7. Nc3 O-O 8. a4
d6 9. Be3 Nbd7 10. Qd2 Qa5 11. Ra3 Ne8 12. Nge2 Nc7 13. Nc1 Ne5 14. Be2 Bd7
15. f4 Ng4 16. Bxg4 Bxg4 17. f5 gxf5 18. Bh6 f6 19. h3 Bh5 20. g4 fxg4 21.
hxg4 Bg6 22. Bxg7 Kxg7 23. Nd3 axb5 24. axb5 Qb6 25. Nf4 Rh8 26. Rxa8 Nxa8
27. Ne6+ Kf7 28. g5 Nc7 29. gxf6 exf6 30. Rf1 Ra8 31. Qh6 Nxe6 32. dxe6+
Kg8 33. Rxf6 c4 34. Rxg6+ hxg6 35. Qxg6+ Kh8 36. Nd5 Qa7 37. Qh6+ Qh7 38.
Qxh7+ Kxh7 39. Nc7 Rc8 40. e7 c3 41. bxc3 1-0

[Event "WJun"]
[Site "Puerto Madryn ARG"]
[Date "2009.10.23"]
[Round "2"]
[White "Lovik,L"]
[Black "Ramos,Va"]
[Result "1-0"]
[WhiteElo "2320"]
[BlackElo "1915"]
[EventDate "2009.10.22"]

1. d4 Nf6 2. Nf3 e6 3. c4 b6 4. g3 Bb7 5. Bg2 Be7 6. O-O O-O 7. Nc3 Ne4 8.
Qc2 Nxc3 9. Qxc3 c5 10. Rd1 d6 11. dxc5 bxc5 12. Bf4 Qb6 13. Rab1 Na6 14.
Bg5 Bxg5 15. Nxg5 Bxg2 16. Qd3 g6 17. Kxg2 Rad8 18. g4 d5 19. Qh3 h5 20.
gxh5 Kg7 21. hxg6 Rh8 22. Qg4 Qd6 23. h3 f5 24. Qg3 Qxg3+ 25. Kxg3 Rhe8 26.
Nf7 Kxg6 27. Nxd8 Rxd8 28. cxd5 exd5 29. Kf4 Kf6 30. Rbc1 Nc7 31. e3 Rh8
32. Kg3 1-0

[Event "WJun"]
[Site "Puerto Madryn ARG"]
[Date "2009.10.23"]
[Round "2"]
[White "Ocampos,I"]
[Black "Schiendorfer,E"]
[Result "0-1"]
[WhiteElo "2047"]
[BlackElo "2311"]
[EventDate "2009.10.22"]

1. e4 c5 2. Nf3 d6 3. d4 cxd4 4. Nxd4 Nf6 5. Nc3 a6 6. Bg5 e6 7. g4 Nbd7 8.
Qf3 Qc7 9. O-O-O b5 10. Bd3 Bb7 11. Rhe1 Qb6 12. Nd5 Qxd4 13. Bxf6 gxf6 14.
Bxb5 Qc5 15. Nxf6+ Kd8 16. Nxd7 Qxb5 17. Nxf8 Rxf8 18. Qa3 Ke8 19. Qxd6 Qc6
20. Qd2 Qc7 21. Re3 Rd8 22. Qxd8+ Qxd8 23. Rxd8+ Kxd8 24. f4 Kc7 25. e5 Rg8
26. g5 Rd8 27. c3 Bc6 28. b3 a5 29. Re2 Rd3 30. Rf2 Rxc3+ 31. Kd2 Rh3 32.
Ke2 Kb6 33. Kf1 Rf3 34. Rxf3 Bxf3 35. Kf2 Bd5 36. h4 Kc5 37. Ke3 Kb4 38. h5
Ka3 39. Kd4 Bf3 40. h6 Bh5 41. Kc5 Kxa2 42. b4 axb4 43. Kxb4 Kb2 0-1

[Event "WJun"]
[Site "Puerto Madryn ARG"]
[Date "2009.10.23"]
[Round "3"]
[White "Chirila,I"]
[Black "Li Chao2"]
[Result "0-1"]
[WhiteElo "2504"]
[BlackElo "2617"]
[EventDate "2009.10.22"]

1. e4 c5 2. Nf3 d6 3. d4 cxd4 4. Nxd4 Nf6 5. Nc3 a6 6. Bg5 e6 7. f4 Qc7 8.
Bxf6 gxf6 9. Qd2 Nc6 10. O-O-O Bd7 11. Be2 h5 12. Rhf1 O-O-O 13. Kb1 Nxd4
14. Qxd4 Be7 15. Rf3 Kb8 16. Qd2 Qa5 17. Rd3 Bc6 18. f5 Qe5 19. h3 h4 0-1

[Event "WJun"]
[Site "Puerto Madryn ARG"]
[Date "2009.10.23"]
[Round "3"]
[White "Cori,J"]
[Black "Olszewski,Mi"]
[Result "0-1"]
[WhiteElo "2445"]
[BlackElo "2544"]
[EventDate "2009.10.22"]

1. e4 c5 2. Nf3 d6 3. d4 cxd4 4. Nxd4 Nf6 5. Nc3 a6 6. Be2 e5 7. Nb3 Be7 8.
Be3 O-O 9. O-O Be6 10. Qd2 Nbd7 11. a4 Rc8 12. a5 Qc7 13. Rfd1 Rfd8 14. Qe1
Qc6 15. Bf3 Qc7 16. Be2 Qc6 17. Bf3 h6 18. Nc1 Qc7 19. Nd3 d5 20. exd5 Bf5
21. Ra4 Bd6 22. g3 Re8 23. Bg2 e4 24. Nf4 Ne5 25. Nfe2 Qd7 26. Qf1 Nf3+ 27.
Kh1 Ng4 28. Bxf3 exf3 29. Nd4 Nxe3 30. fxe3 Bh3 31. Qf2 Bg4 0-1

[Event "WJun"]
[Site "Puerto Madryn ARG"]
[Date "2009.10.23"]
[Round "3"]
[White "Kokol,P"]
[Black "Popov,Iv RUS"]
[Result "0-1"]
[WhiteElo "2322"]
[BlackElo "2582"]
[EventDate "2009.10.22"]

1. e4 c5 2. Nf3 d6 3. d4 cxd4 4. Nxd4 Nf6 5. Nc3 Nc6 6. Bc4 e6 7. Be3 a6 8.
Qe2 Qc7 9. Bb3 Na5 10. O-O-O b5 11. f3 Be7 12. g4 Nxb3+ 13. axb3 Nd7 14. g5
b4 15. Na4 Nc5 16. f4 Nxe4 17. f5 exf5 18. Nb6 Qxb6 19. Nxf5 Qa5 20. Nxg7+
Kf8 21. Kb1 Rg8 22. Bd4 Bb7 23. Rhf1 Rxg7 24. Bxg7+ Kxg7 25. Qg4 Qe5 26.
Qd7 Nc5 27. Qh3 Be4 0-1

[Event "WJun"]
[Site "Puerto Madryn ARG"]
[Date "2009.10.23"]
[Round "3"]
[White "Bindrich,F"]
[Black "Houriez,C"]
[Result "1-0"]
[WhiteElo "2516"]
[BlackElo "2304"]
[EventDate "2009.10.22"]

1. d4 Nf6 2. c4 e6 3. Nc3 Bb4 4. e3 O-O 5. Bd3 d5 6. Nf3 c5 7. O-O cxd4 8.
exd4 dxc4 9. Bxc4 b6 10. Bg5 Bb7 11. Qe2 Nbd7 12. d5 exd5 13. Nxd5 Bxd5 14.
Bxd5 Qe8 15. Qxe8 Raxe8 16. Bc6 Re6 17. Bb5 h6 18. Bh4 Bc5 19. Rfe1 Rxe1+
20. Rxe1 Rc8 21. a3 a5 22. h3 Nf8 23. Bxf6 gxf6 24. Nh4 Ng6 25. Nf5 1-0

[Event "WJun"]
[Site "Puerto Madryn ARG"]
[Date "2009.10.23"]
[Round "3"]
[White "Aharon,O"]
[Black "Shyam,SM"]
[Result "0-1"]
[WhiteElo "2192"]
[BlackElo "2403"]
[EventDate "2009.10.22"]

1. e4 e5 2. Nf3 Nc6 3. Bb5 a6 4. Bxc6 dxc6 5. O-O Qd6 6. d3 Be6 7. Be3 f6
8. c3 O-O-O 9. d4 Nh6 10. Bxh6 gxh6 11. Qe2 Rg8 12. Kh1 Bg4 13. Na3 Qe6 14.
Nc2 Bh5 15. Qe3 Bd6 16. Nh4 Rde8 17. f3 Bg6 18. Qxh6 exd4 19. Nxd4 Qe5 20.
Nhf5 c5 21. Nxd6+ Qxd6 22. Nb3 c4 23. Rfd1 Qb6 24. Nd2 Qxb2 25. Nxc4 Qe2
26. Ne3 Re5 27. Re1 Qb5 28. Nd5 f5 29. c4 Qa5 30. f4 Re6 31. e5 Qd2 32.
Rad1 Qxa2 33. Ne3 Qa3 34. Qg5 Qf8 35. Nd5 Qf7 36. Nf6 Rf8 37. Rd7 Qxf6 38.
Qxf6 Rexf6 39. Red1 Rc6 40. h3 a5 41. Kh2 a4 42. Kg3 Rd6 43. R7xd6 cxd6 44.
exd6 Kd7 45. c5 a3 46. Rb1 Rb8 47. Rb3 a2 48. Ra3 Bf7 49. Kf2 Rc8 50. Ra5
Rxc5 51. Rxc5 a1=Q 52. Rc7+ Kxd6 0-1

[Event "WJun"]
[Site "Puerto Madryn ARG"]
[Date "2009.10.23"]
[Round "3"]
[White "Gomez,Gu"]
[Black "Macias Murillo,B"]
[Result "0-1"]
[WhiteElo "2176"]
[BlackElo "2363"]
[EventDate "2009.10.22"]

1. Nf3 Nf6 2. d4 e6 3. Bg5 Be7 4. e3 b6 5. Nbd2 Bb7 6. Bd3 d5 7. Ne5 O-O 8.
O-O Ne4 9. Bxe7 Qxe7 10. f3 Nxd2 11. Qxd2 f6 12. Ng4 e5 13. c3 Nd7 14. Qc2
e4 15. fxe4 dxe4 16. Bc4+ Kh8 17. Nf2 f5 18. Nh3 g5 19. Qe2 h6 20. Rf2 Rf6
21. Raf1 Raf8 22. Qh5 Qg7 23. Bb5 Nb8 24. c4 Nc6 25. Bxc6 Bxc6 26. b4 f4
27. d5 Be8 28. Qe2 f3 29. Qd2 Bd7 30. Rd1 h5 31. Qd4 Qg6 32. Qe5 Bxh3 33.
gxh3 g4 34. h4 0-1

[Event "WJun"]
[Site "Puerto Madryn ARG"]
[Date "2009.10.23"]
[Round "3"]
[White "Gryson,W"]
[Black "Blit,J"]
[Result "0-1"]
[WhiteElo "2145"]
[BlackElo "2350"]
[EventDate "2009.10.22"]

1. d4 d6 2. Nf3 g6 3. c4 f5 4. Nc3 Nf6 5. Bf4 Bg7 6. Qd2 O-O 7. Bh6 Bxh6 8.
Qxh6 Nc6 9. Rd1 a6 10. e3 e6 11. Be2 Qe7 12. Qg5 Nd8 13. h4 Nf7 14. Qg3 Nh5
15. Qh2 Nh6 16. Ng5 Ng4 17. Bxg4 fxg4 18. g3 b5 19. Qg2 c6 20. O-O bxc4 21.
Qxc6 Bb7 22. Qxc4 d5 23. Qb3 Rab8 24. e4 h6 25. Nxe6 Qxe6 26. exd5 Qf7 27.
Rde1 Nf6 28. Re5 Rbd8 29. Qc2 Nxd5 30. Rfe1 Rd7 31. Re6 Qf5 32. Rxg6+ Kh7
33. Qxf5 Rxf5 34. Rxg4 Nf6 35. Rf4 Rxf4 36. gxf4 Kg6 37. Re6 Rxd4 38. Rb6
Rd7 39. Kf1 Kf5 40. Ke2 h5 41. Nd1 Nd5 42. Ne3+ Kxf4 43. Ng2+ Ke5 44. Rb3
Nf4+ 45. Nxf4 Kxf4 46. Rb4+ Kf5 47. a4 Bd5 48. b3 Rb7 49. Rd4 Ke5 0-1

[Event "WJun"]
[Site "Puerto Madryn ARG"]
[Date "2009.10.23"]
[Round "3"]
[White "Aguinaga,M"]
[Black "Goncalves,M"]
[Result "1-0"]
[WhiteElo "2009"]
[BlackElo "1865"]
[EventDate "2009.10.22"]

1. d4 Nf6 2. c4 c5 3. d5 e6 4. Nc3 exd5 5. cxd5 d6 6. e4 g6 7. Bd3 Bg7 8.
Nge2 O-O 9. O-O Re8 10. f4 a6 11. a4 Nbd7 12. h3 Qc7 13. g4 c4 14. Bc2 Nc5
15. Ng3 b6 16. Be3 Bb7 17. g5 Nfd7 18. Bd4 Bxd4+ 19. Qxd4 Nb3 20. Bxb3 cxb3
21. Rf2 Qc5 22. Qd3 Rac8 23. h4 Qc4 24. Qf3 Nc5 25. f5 Nd3 26. fxg6 fxg6
27. Qf7+ Kh8 28. Qf6+ Kg8 29. Qf7+ Kh8 30. Rf6 Qd4+ 31. Kg2 Ba8 32. Raf1
Ne5 33. Qa7 Rg8 34. h5 Qd2+ 35. Nce2 Qxg5 36. hxg6 hxg6 37. Nd4 Rc2+ 38.
Nxc2 bxc2 39. Qc7 Bc6 40. dxc6 c1=Q 41. Rxc1 Qxf6 42. Rf1 Qd8 43. Qb7 Rg7
44. Qxa6 1-0

[Event "WJun"]
[Site "Puerto Madryn ARG"]
[Date "2009.10.23"]
[Round "3"]
[White "Alvarez Ramirez,M"]
[Black "Decuadro,S"]
[Result "1-0"]
[WhiteElo "2259"]
[BlackElo "2034"]
[EventDate "2009.10.22"]

1. d4 Nf6 2. c4 g6 3. Nc3 d5 4. Bg5 Ne4 5. Bh4 Nxc3 6. bxc3 Bg7 7. e3 c5 8.
cxd5 Qxd5 9. Nf3 cxd4 10. cxd4 Nc6 11. Be2 O-O 12. O-O Bf5 13. Nd2 e5 14.
Bf3 e4 15. Be2 Be6 16. Bc4 Qd7 17. Bxe6 Qxe6 18. Qb1 f5 19. Qxb7 Rab8 20.
Qc7 Rfc8 21. Qf4 h6 22. Bg3 Bf8 23. h4 Rb2 24. Nb3 Nb4 25. Nc5 Qd5 26. Qe5
Qxe5 27. Bxe5 Nxa2 28. Ne6 Bb4 29. d5 Rd2 30. Rfd1 Rxd1+ 31. Rxd1 Kf7 32.
Nc7 Ke7 33. Ra1 Bd6 34. Bxd6+ Kxd6 35. Nb5+ Kc5 36. Nxa7 Ra8 37. Rxa2 Kxd5
38. Ra5+ Kc4 39. Nc6 Re8 40. Ne5+ Kb4 41. Rd5 Re6 42. Nf7 h5 43. Rd6 Re7
44. Ng5 1-0

[Event "WJun"]
[Site "Puerto Madryn ARG"]
[Date "2009.10.23"]
[Round "3"]
[White "Ramos,Va"]
[Black "Dole,A"]
[Result "1-0"]
[WhiteElo "1915"]
[BlackElo "2068"]
[EventDate "2009.10.22"]

1. c4 e5 2. Nc3 Nf6 3. g3 d5 4. cxd5 Nxd5 5. Bg2 Nb6 6. Nf3 Nc6 7. O-O Be7
8. a3 O-O 9. d3 Be6 10. b4 a5 11. b5 Nd4 12. Rb1 Nxf3+ 13. Bxf3 Nd5 14. Qc2
f6 15. Nxd5 Bxd5 16. Bxd5+ Qxd5 17. Rb3 a4 18. Rc3 Bd6 19. b6 cxb6 20. Be3
b5 21. Rb1 f5 22. Bc5 f4 23. Bxd6 Qxd6 24. Rxb5 fxg3 25. hxg3 Qf6 26. f3
Qg5 27. Kg2 h5 28. Rc4 Ra6 29. Qc1 Qf5 30. Qe3 Re6 31. Rxb7 Rg6 32. Rb5 Rg5
33. Qe4 Qf6 34. Qd5+ 1-0

[Event "WJun"]
[Site "Puerto Madryn ARG"]
[Date "2009.10.23"]
[Round "3"]
[White "Margvelashvili,G"]
[Black "Howell,D"]
[Result "1/2-1/2"]
[WhiteElo "2509"]
[BlackElo "2624"]
[EventDate "2009.10.22"]

1. Nf3 Nf6 2. c4 g6 3. b4 Bg7 4. Bb2 O-O 5. e3 d6 6. d4 Nbd7 7. Be2 e5 8.
dxe5 Ng4 9. Nc3 Ngxe5 10. Nxe5 Nxe5 11. O-O Be6 12. Qb3 Qh4 13. g3 Qh3 14.
Nd5 Bxd5 15. cxd5 Rae8 16. Rac1 Re7 17. Bxe5 dxe5 18. Rc4 e4 19. Qc2 Be5
20. Rxe4 Qd7 21. Rd1 f5 22. Rc4 Bd6 23. a3 g5 1/2-1/2

[Event "WJun"]
[Site "Puerto Madryn ARG"]
[Date "2009.10.23"]
[Round "3"]
[White "Meza,Hu"]
[Black "Gundavaa,B"]
[Result "0-1"]
[WhiteElo "2276"]
[BlackElo "2477"]
[EventDate "2009.10.22"]

1. d4 Nf6 2. c4 e6 3. Nc3 Bb4 4. e3 O-O 5. Nge2 d5 6. a3 Be7 7. cxd5 exd5
8. Nf4 c6 9. Bd3 Nbd7 10. O-O Re8 11. b4 a6 12. Qc2 Bd6 13. Nfe2 Nf8 14. f3
a5 15. Rb1 axb4 16. axb4 Bc7 17. e4 dxe4 18. fxe4 Bb6 19. Kh1 Bxd4 20. Nxd4
Qxd4 21. Ne2 Qd7 22. Ng3 Ng4 23. Nf5 Ng6 24. b5 Qc7 25. g3 Be6 26. b6 Qd8
27. Rd1 Bxf5 28. exf5 Qd5+ 29. Kg1 N6e5 0-1

[Event "WJun"]
[Site "Puerto Madryn ARG"]
[Date "2009.10.23"]
[Round "3"]
[White "Yilmaz,M"]
[Black "Stavrianakis,I"]
[Result "1-0"]
[WhiteElo "2475"]
[BlackElo "2273"]
[EventDate "2009.10.22"]

1. e4 c5 2. Nf3 d6 3. d4 cxd4 4. Nxd4 Nf6 5. Nc3 a6 6. Bg5 e6 7. f4 Be7 8.
Qf3 Qc7 9. O-O-O Nbd7 10. g4 h6 11. Bxf6 gxf6 12. f5 Ne5 13. Qh3 Bd7 14.
Nce2 Nc6 15. fxe6 fxe6 16. Qh5+ Kd8 17. Qf7 Qc8 18. Qg7 Re8 19. Qxh6 Kc7
20. Qe3 Rg8 21. Rg1 Rg7 22. Nf4 Qg8 23. h3 Re8 24. Bc4 Nxd4 25. Qxd4 Rg5
26. Kb1 Re5 27. Nd3 Rg5 28. Rg3 Qh7 29. Re3 Bc8 30. Nf4 Re5 31. Bxa6 bxa6
32. Qa7+ Bb7 33. Rc3+ Rc5 34. Rxd6 Bxd6 35. Rxc5+ 1-0

[Event "WJun"]
[Site "Puerto Madryn ARG"]
[Date "2009.10.23"]
[Round "3"]
[White "Catelli,H"]
[Black "Can,E"]
[Result "1/2-1/2"]
[WhiteElo "2200"]
[BlackElo "2455"]
[EventDate "2009.10.22"]

1. g3 g6 2. Bg2 Bg7 3. c4 e5 4. Nc3 Nc6 5. e3 Nf6 6. Nge2 O-O 7. O-O d6 8.
d4 exd4 9. Nxd4 Ne5 10. b3 Bg4 11. f3 Bd7 12. f4 Nc6 13. Bb2 Nxd4 14. Qxd4
Re8 15. Qd2 c6 16. Rfe1 Qa5 17. h3 Rad8 18. Rad1 a6 19. Nd5 Qxd2 20. Nxf6+
Bxf6 21. Rxd2 Bxb2 22. Rxb2 Kf8 23. Kf2 Ke7 24. Rd1 Be6 25. Rbd2 Rd7 26. g4
f6 27. Bf3 g5 28. Rd4 h6 29. h4 Bf7 30. hxg5 hxg5 31. Rh1 Kf8 32. Rh6 Kg7
33. fxg5 fxg5 34. Rhxd6 Rxd6 35. Rxd6 Be6 36. Ke2 Kf7 37. c5 Rh8 38. Kd3
Rh2 39. Be2 Rh1 40. Rd8 Kf6 41. Rb8 Rh7 42. Re8 Rd7+ 43. Kc3 Bf7 44. Rh8
Re7 45. Rh6+ Kg7 46. Rh3 Re5 47. Kb4 a5+ 48. Kxa5 Rxc5+ 49. Kb6 Rc2 50. Bd3
Rxa2 51. Kxb7 Bxb3 52. Kxc6 Rg2 53. Bf5 Bd1 54. Rh7+ Kf8 55. Kd6 Bxg4 56.
Bg6 Rb2 57. Ke5 Rb6 58. Rf7+ Kg8 59. Rf6 Rb5+ 60. Ke4 1/2-1/2

[Event "WJun"]
[Site "Puerto Madryn ARG"]
[Date "2009.10.23"]
[Round "3"]
[White "Ashwin,J"]
[Black "Garnelis,J"]
[Result "1/2-1/2"]
[WhiteElo "2451"]
[BlackElo "2228"]
[EventDate "2009.10.22"]

1. e4 c6 2. c4 d5 3. cxd5 cxd5 4. exd5 Nf6 5. Qa4+ Nbd7 6. Nc3 g6 7. Bc4
Bg7 8. d3 a6 9. Nf3 O-O 10. Qa3 Nb6 11. Qb3 Nxc4 12. dxc4 b5 13. O-O e6 14.
cxb5 Nxd5 15. Nxd5 exd5 16. Rd1 axb5 17. Be3 Bg4 18. Bd4 Bxf3 19. Qxf3 Re8
20. Bxg7 Kxg7 21. Qb3 d4 22. Qb4 Qf6 1/2-1/2

[Event "WJun"]
[Site "Puerto Madryn ARG"]
[Date "2009.10.23"]
[Round "3"]
[White "Gallego Alcaraz,A"]
[Black "Crespo,E"]
[Result "1-0"]
[WhiteElo "2404"]
[BlackElo "2019"]
[EventDate "2009.10.22"]

1. d4 d5 2. c4 e6 3. Nc3 Be7 4. Nf3 Nf6 5. cxd5 exd5 6. Bg5 c6 7. Qc2 g6 8.
e3 Bf5 9. Bd3 Bxd3 10. Qxd3 Nbd7 11. O-O O-O 12. Bxf6 Nxf6 13. Ne5 Nd7 14.
f4 Kg7 15. f5 Bf6 16. Ng4 h5 17. Nf2 Nb6 18. b3 Qd7 19. fxg6 fxg6 20. Nh3
Nc8 21. Nf4 Ne7 22. Kh1 Rae8 23. Nce2 Rh8 24. Rf3 g5 25. Nh3 g4 26. Rxf6
Kxf6 27. Rf1+ Kg7 28. Ng5 Ref8 29. Nf4 Kh6 30. Nfe6 Rxf1+ 31. Qxf1 Ng6 32.
Nf7+ Kh7 33. Qf6 1-0

[Event "WJun"]
[Site "Puerto Madryn ARG"]
[Date "2009.10.23"]
[Round "3"]
[White "Dimuro,M"]
[Black "Morales,Ra"]
[Result "1-0"]
[WhiteElo "2214"]
[BlackElo "1941"]
[EventDate "2009.10.22"]

1. e4 e5 2. Nf3 d6 3. d4 Nf6 4. Nc3 Nbd7 5. Bc4 Be7 6. O-O c6 7. a4 O-O 8.
Re1 Qc7 9. b3 h6 10. Bb2 Rd8 11. Qd2 Nf8 12. Bd3 Ng6 13. h3 Nh7 14. Ne2 Ng5
15. Nxg5 Bxg5 16. Qd1 Bd7 17. Ng3 Nf4 18. Bf1 g6 19. Qf3 f6 20. Rad1 Kh7
21. Ba3 Be6 22. d5 Bf7 23. c4 a5 24. Nh1 f5 25. Ng3 Nh5 26. Nxh5 gxh5 27.
exf5 Bf6 28. Bd3 Rd7 29. dxc6 bxc6 30. Be4 Rc8 31. Rd3 d5 32. cxd5 cxd5 33.
Bxd5 Rcd8 34. Red1 Rg8 35. Be6 Rd4 36. Rc1 e4 37. Rxc7 exf3 38. Rxf7+ Kh8
39. Rxf3 Be5 40. g3 h4 41. g4 Rd1+ 42. Kg2 h5 43. f6 1-0

[Event "WJun"]
[Site "Puerto Madryn ARG"]
[Date "2009.10.23"]
[Round "3"]
[White "Lehtimaki,T"]
[Black "Ondrus,M"]
[Result "0-1"]
[WhiteElo "2000"]
[BlackElo "2304"]
[EventDate "2009.10.22"]

1. e4 c5 2. d4 cxd4 3. c3 Nf6 4. e5 Nd5 5. Nf3 Nc6 6. cxd4 d6 7. Bc4 Nb6 8.
Bb3 dxe5 9. d5 Na5 10. Nc3 g6 11. Nxe5 Nxb3 12. Qxb3 Bg7 13. Bf4 O-O 14.
O-O e6 15. d6 Qxd6 16. Nxg6 e5 17. Nxf8 exf4 18. Nxh7 Qh6 19. Rad1 Be6 20.
Qb4 f3 21. Qe4 fxg2 22. Rfe1 Qxh7 23. Qxb7 Qh5 24. Qc7 Kh7 25. Rd3 Rc8 26.
Qxa7 Nc4 27. Rg3 Be5 28. Ne4 Kh8 29. f4 Bxf4 30. Nf6 Qh4 31. Ne4 Bxg3 32.
Nxg3 Nxb2 33. Qe3 Bc4 34. Qf2 0-1

[Event "WJun"]
[Site "Puerto Madryn ARG"]
[Date "2009.10.24"]
[Round "4"]
[White "Howell,D"]
[Black "Lalith,B"]
[Result "1/2-1/2"]
[WhiteElo "2624"]
[BlackElo "2477"]
[EventDate "2009.10.22"]

1. e4 c6 2. d4 d5 3. exd5 cxd5 4. c4 Nf6 5. Nc3 e6 6. Nf3 Bb4 7. cxd5 Nxd5
8. Bd2 Nc6 9. Bd3 O-O 10. O-O Be7 11. Be3 Nxc3 12. bxc3 b6 13. Qc2 g6 14.
Bh6 Re8 15. Rfe1 Bb7 16. Qd2 Bf6 17. Qf4 Bg7 18. Bg5 Qd7 19. Qh4 Rac8 20.
Bh6 Bh8 21. Re3 e5 22. d5 Nd8 23. c4 f5 24. Ng5 Nf7 25. Nxf7 Qxf7 26. Rae1
b5 27. cxb5 Bxd5 28. a4 e4 29. Bf1 Bd4 30. Rg3 Rc2 31. Be3 Bf6 32. Bg5 Bd4
1/2-1/2

[Event "WJun"]
[Site "Puerto Madryn ARG"]
[Date "2009.10.24"]
[Round "4"]
[White "Popov,Iv RUS"]
[Black "Perez Ponsa,F"]
[Result "1-0"]
[WhiteElo "2582"]
[BlackElo "2422"]
[EventDate "2009.10.22"]

1. d4 Nf6 2. c4 g6 3. Nc3 Bg7 4. e4 d6 5. f4 O-O 6. Nf3 c5 7. d5 e6 8. Be2
exd5 9. cxd5 Nbd7 10. O-O Re8 11. Nd2 c4 12. Bf3 b5 13. Kh1 Rb8 14. a4 a6
15. Na2 Qa5 16. axb5 axb5 17. b4 Qa7 18. Bb2 Nxd5 19. Bxg7 Ne3 20. Nc3 Qb6
21. Qe2 Kxg7 22. Rfe1 d5 23. Qxe3 d4 24. Qg1 dxc3 25. Nb1 Qd6 26. Nxc3 Qxf4
27. Rad1 Qe5 28. Rd4 Nf6 29. Red1 Be6 30. Qe3 Ra8 31. Qc1 Ra7 32. g3 g5 33.
Nxb5 Qxb5 34. Rd5 Bxd5 35. Qxg5+ Kf8 36. Qh6+ Ke7 37. exd5 Nd7 38. Qe3+ Kd6
39. Qxa7 Qxb4 40. Bg4 f5 41. Bxf5 Re1+ 42. Kg2 Rxd1 43. Qxd7+ Kc5 44. Qe7+
Kb5 45. Qe8+ Kb6 46. Qb8+ Kc5 47. Qf8+ 1-0

[Event "WJun"]
[Site "Puerto Madryn ARG"]
[Date "2009.10.24"]
[Round "4"]
[White "Shyam,SM"]
[Black "Bindrich,F"]
[Result "0-1"]
[WhiteElo "2403"]
[BlackElo "2516"]
[EventDate "2009.10.22"]

1. e4 c6 2. d4 d5 3. exd5 cxd5 4. c4 Nf6 5. Nc3 e6 6. Nf3 Bb4 7. cxd5 Nxd5
8. Bd2 Nc6 9. Bd3 O-O 10. O-O Nf6 11. Bg5 Be7 12. Re1 b6 13. a3 Bb7 14. Bc2
Nd5 15. Qd3 g6 16. Bh6 Re8 17. h4 Nxc3 18. bxc3 Bf6 19. Rab1 Rc8 20. h5 Ne7
21. Bd2 Qd5 22. hxg6 hxg6 23. Qe3 Qh5 24. Nh2 Kg7 25. Bd1 Qh7 26. Bg4 Nd5
27. Qd3 Rh8 28. Bh3 Qh4 29. Re4 Qh5 30. Ng4 Bd8 31. Re5 Qh7 32. Rbe1 Qg8
33. c4 Nf6 34. Nxf6 Bxf6 35. Bg5 Bxg5 36. Rxg5 Qd8 37. Rg3 Rc7 38. Rxe6
fxe6 39. Qxg6+ Kf8 40. Rf3+ Bxf3 0-1

[Event "WJun"]
[Site "Puerto Madryn ARG"]
[Date "2009.10.24"]
[Round "4"]
[White "Goncalves,M"]
[Black "Taher,R"]
[Result "0-1"]
[WhiteElo "1865"]
[BlackElo "1946"]
[EventDate "2009.10.22"]

1. d4 d5 2. c4 c6 3. Nc3 Nf6 4. Nf3 e6 5. Bg5 dxc4 6. e4 b5 7. e5 h6 8. Bh4
g5 9. Nxg5 hxg5 10. Bxg5 Nbd7 11. exf6 Bb7 12. Qf3 Qb6 13. Be3 O-O-O 14.
Be2 c5 15. dxc5 Bxc5 16. Ne4 Bxe3 17. fxe3 Nc5 18. Qf4 Bxe4 19. O-O Rd2 20.
Bf3 Qc6 21. b4 Rg8 22. bxc5 Rgxg2+ 23. Kh1 Rxh2+ 24. Qxh2 Bxf3+ 25. Kg1
Rxh2 26. Kxh2 Qe4 0-1

[Event "WJun"]
[Site "Puerto Madryn ARG"]
[Date "2009.10.24"]
[Round "4"]
[White "Diamant,A"]
[Black "Ibarra Chami,L"]
[Result "1/2-1/2"]
[WhiteElo "2526"]
[BlackElo "2393"]
[EventDate "2009.10.22"]

1. d4 d5 2. c4 e6 3. Nf3 Nf6 4. e3 c5 5. cxd5 exd5 6. Be2 Nc6 7. O-O c4 8.
b3 cxb3 9. Qxb3 Bd6 10. Ba3 O-O 11. Bxd6 Qxd6 12. Nbd2 b6 13. Rfc1 Bb7 14.
Qb2 Ne4 15. Nxe4 dxe4 16. Nd2 Ne7 17. a4 Bd5 18. a5 Rab8 19. axb6 axb6 20.
Bc4 Bxc4 21. Rxc4 f5 22. Ra7 Nd5 23. Qb5 Rbd8 24. Rc6 Qb8 25. Ra1 Kh8 26.
Qb3 Qb7 27. Rac1 f4 28. Nxe4 fxe3 29. fxe3 Qe7 30. Ng3 Qxe3+ 1/2-1/2

[Event "WJun"]
[Site "Puerto Madryn ARG"]
[Date "2009.10.24"]
[Round "4"]
[White "Maenhout,T"]
[Black "Ashwin,J"]
[Result "1-0"]
[WhiteElo "2303"]
[BlackElo "2451"]
[EventDate "2009.10.22"]

1. e4 c5 2. Nf3 d6 3. d4 cxd4 4. Nxd4 Nf6 5. Nc3 a6 6. h3 g6 7. Be3 Bg7 8.
Qd2 O-O 9. O-O-O Nc6 10. g4 Bd7 11. Be2 Rc8 12. g5 Ne8 13. f4 Qa5 14. Kb1
Nc7 15. Nxc6 bxc6 16. e5 Rb8 17. Bc4 Be6 18. Bb3 Bxb3 19. axb3 dxe5 20. Qd7
Nb5 21. Ne4 exf4 22. Bxf4 Na3+ 23. bxa3 Qxa3 24. Rd4 c5 25. Qa4 Qb4 26.
Rxb4 Rxb4 27. Qxa6 c4 28. Bd2 Rbb8 29. Qxc4 Rfc8 30. Nc5 Rb5 31. b4 Rcb8
32. Rf1 Ra5 33. Qb3 1-0

[Event "WJun"]
[Site "Puerto Madryn ARG"]
[Date "2009.10.24"]
[Round "4"]
[White "Karthikeyan,P1"]
[Black "Catelli,H"]
[Result "1-0"]
[WhiteElo "2449"]
[BlackElo "2200"]
[EventDate "2009.10.22"]

1. d4 Nf6 2. c4 g6 3. Nc3 Bg7 4. e4 d6 5. Nf3 O-O 6. h3 e5 7. d5 a5 8. Bg5
Na6 9. Be2 Nc5 10. Nd2 c6 11. O-O a4 12. Rb1 Qa5 13. Qc2 Bd7 14. f4 h6 15.
fxe5 Nfxe4 16. Ndxe4 Nxe4 17. Nxe4 hxg5 18. Nf6+ Bxf6 19. Rxf6 dxe5 20. Bd3
Kg7 21. Rbf1 Qc5+ 22. Kh1 cxd5 23. Bxg6 e4 24. Bh5 Be6 25. Qe2 a3 26. cxd5
Qxd5 27. bxa3 Rxa3 28. Qb2 1-0

[Event "WJun"]
[Site "Puerto Madryn ARG"]
[Date "2009.10.24"]
[Round "4"]
[White "Ondrus,M"]
[Black "Ocampos,I"]
[Result "1-0"]
[WhiteElo "2304"]
[BlackElo "2047"]
[EventDate "2009.10.22"]

1. e4 c5 2. Nf3 Nc6 3. d4 cxd4 4. Nxd4 Nf6 5. Nc3 e5 6. Ndb5 d6 7. Bg5 a6
8. Na3 b5 9. Nd5 Be7 10. Bxf6 Bxf6 11. c3 Ne7 12. Nc2 Nxd5 13. Qxd5 Rb8 14.
Rd1 Bb7 15. Qd3 O-O 16. Ne3 a5 17. g3 b4 18. c4 a4 19. Bg2 Qa5 20. O-O Ba6
21. b3 Rfd8 22. Nd5 Qc5 23. Qf3 axb3 24. axb3 Bc8 25. Nxf6+ gxf6 26. Qxf6
Be6 27. Kh1 Re8 28. f4 Rb6 29. f5 Bc8 30. Rd3 Qc7 31. Rfd1 Qd8 32. Qxd8
Rxd8 33. c5 Rc6 34. Rxd6 Rcxd6 35. cxd6 Ba6 36. Kg1 Kf8 37. Kf2 f6 38. Bf1
Bxf1 39. Kxf1 Rd7 40. Ke2 Ke8 41. Rd5 Ra7 42. Kd3 Kd7 43. g4 Ra2 44. h4 Rg2
45. g5 fxg5 46. hxg5 Rxg5 47. Rxe5 Kxd6 48. Re6+ Kd7 49. Rh6 Rg1 50. Rxh7+
Kd6 51. Kc4 Rg4 52. Rh6+ Ke5 53. Re6+ 1-0